000 00490nam a2200181Ia 4500
008 230711s9999||||xx |||||||||||||| ||und||
020 _a978-1-138-20388-4
041 _aENG
082 _a720.913
_bRI-B
100 _aRiley, Mike
245 0 _aBuilding Design, Construction and Performance in Tropical Climates
250 _a1st Ed.
260 _c2018
_aLondon
_bRoutledge Taylor & Franic Group
300 _a386p.
650 _aArchitecture
700 _aCotgrave, Alison
942 _cBK
999 _c7017
_d7017